header

Microprocessor and peak oil (Record no. 142610)

MARC details
000 -LEADER
fixed length control field 01093nam a2200277Ia 4500
100 1# - MAIN ENTRY--AUTHOR NAME
Personal name Jesshope, C. R.
245 10 - TITLE STATEMENT
Title Microprocessor and peak oil
260 ## - PUBLICATION, DISTRIBUTION, ETC. (IMPRINT)
Place of publication Amsterdam :
Name of publisher Amsterdam University Press,
Year of publication c2006.
300 ## - PHYSICAL DESCRIPTION
Number of Pages 23 p.
650 #0 - SUBJECT ADDED ENTRY--TOPICAL TERM
Topical Term Technology
Topical Term Computer engineering.
856 40 - ELECTRONIC LOCATION AND ACCESS
Uniform Resource Identifier http://site.ebrary.com/lib/rucke/Doc?id=10182186

No items available.

© 2026 Rongo University
Contact us: librarian | system librarian | Rongo university